Státní Okresní Archiv Znojmo. Ročenka Státního Okresního Archivu ve Znojmě. - Znojmo : [s.n.]. - 1994 [Rezension]

Titel: Státní Okresní Archiv Znojmo. Ročenka Státního Okresního Archivu ve Znojmě. - Znojmo : [s.n.]. - 1994 [Rezension]
Verfasser:
In: Jižní Morava, Band 36, Heft 39 (2000), Seite 308-310
alle Artikel anzeigen
Veröffentlicht: 2000
Format: Aufsatz
Sprache: Tschechisch
Kein Bild verfügbar
X
alg: 39510515
001A    $01999:12-11-16 
001B    $01999:04-08-21 $t21:04:56.000 
001D    $01999:12-11-16 
001U    $0utf8 
001X    $00 
002@    $0Aox 
003@    $0395105153 
007A    $0395105153 $aHEB 
007T    $0Herda24761h 
010@    $acze 
011@    $a2000 
021A    $aStátní Okresní Archiv Znojmo. Ročenka Státního Okresního Archivu ve Znojmě. - Znojmo : [s.n.]. -  1994 [Rezension] 
028A    $aOlšina $dMiroslav 
031A    $d36 $e39 $h308-310 $j2000 
039B    $aIn $8--Abvc--. Jižní Morava. - Mikulov : Státní okresní archiv Břeclav se sídlem v Mikulově, 1966-. - ISSN 0449-0436 $x200000000360039692 $9048246115 
039T    $8--Abvc--Státní Okresní Archiv Znojmo [Tb1]. Ročenka Státního Okresního Archivu ve Znojmě. - Znojmo, 1994-2005 $9070605068 
045F    $a900.94371 $eDDC23BSB 
045F/01 $a900 
045F/03 $g4371 
045T    $aOST $qDE-12 $2FID 

lok: 39510515 78

exp: 39510515 78 1 #EPN
201B/01 $026-11-17 $t03:58:56.000 
201U/01 $0utf8 
203@/01 $0791403793 
208@/01 $a12-11-16 $be 
209A/01 $a/ $f000 $x00 
220C/01 $aHerkunft: Hú Av Čr Praha 
244Z/01 $#Tschechien $#Tschechische Republik $#Tschechische Republik $#Tschechenland $#Tschechei Tschechien $#Česká Republika $#Czech Republic $#ČR $74303381-7 $8--Tg1--Tschechien $x01 $9086659812 
244Z/01 $2Trx $#Böhmen $#Bohemia $#Czechy $8--Trx--Čechy $x02 $9391188941 
244Z/01 $2Trx $#arvustused $#recenzijos $#Reviews $#recenziók $#recenzje $#recenzie $#recenze $8--Trx--Rezensionen $x03 $9391357441 
247C/01 $82080>Marburg/Lahn, Herder-Institut, Forschungsbibliothek, Bibliographieportal $9336309341
LEADER 00000caa a22000002c 4500
001 395105153
003 DE-603
005 20210804210456.0
007 tu
008 161112s2000 xx |||| | u00||u|cze c
035 |a (DE-599)HEB395105153 
040 |a DE-603  |b ger  |c DE-603  |d DE-603 
041 |a cze 
082 0 4 |8 1\u  |a 900.94371  |q DE-101  |2 23/BSB 
084 |a OST  |q DE-12  |2 fid 
085 |8 1\u  |b 900 
085 |8 1\u  |z 2  |s 4371 
100 1 |a Olšina, Miroslav 
245 0 0 |a Státní Okresní Archiv Znojmo. Ročenka Státního Okresního Archivu ve Znojmě. - Znojmo : [s.n.]. - 1994 [Rezension] 
264 0 |c 2000 
773 0 8 |i In  |t Jižní Morava  |d Mikulov : Státní okresní archiv Břeclav se sídlem v Mikulově, 1966-  |x 0449-0436  |g Band 36, Heft 39 (2000), Seite 308-310  |w (DE-603)048246115  |w (DE-600)958925-9 
787 0 8 |i Rezension von  |a Státní Okresní Archiv Znojmo  |t Ročenka Státního Okresního Archivu ve Znojmě  |d Znojmo, 1994-2005  |w (DE-603)070605068  |w (DE-600)1363771-X 
924 0 |9 2080  |a (DE-603)791403793  |b DE-2080  |c HES  |d d  |g /